000 00557nam a2200229Ia 4500
003 OSt
005 20220918215111.0
006 a|||||r|||| 00| 0
007 ta
008 220917b |||||||| |||| 00| 0 eng d
024 _a140,052
037 _cTextual
040 _aARTS
_cARTS
_beng
041 _2eng
_aeng
082 _aY1:1.5921, L5
100 _aBalan I D
_9133242
245 0 _aCultural policy in Romania
260 _c1975
650 _aSOCIOLOGY
942 _hY1:1.5921, L5
_cTEXL
_2CC
999 _c263038
_d263038